000 00651nam a2200193 i 4500
001 41843
003 ES-MaACL
005 20231229063009.0
007 t|
008 030311s1977 sp ||||1| spa d
100 1 _aCastán Tobeñas, José,
_d1889-1969
_936392
245 1 0 _aDerecho civil español común y foral
_b: . Tomo cuarto: derecho de obligaciones... /
_cJosé Castán Tobeñas.
250 _a10ª ed. rev. y puesta al día
_bpor José Ferrandis Vilella.
260 _aMadrid :
_bReus,
_c1977.
300 _a975 p. ;
_c23 cm.
700 1 _aFerrandis Vilella, José.
_950269
852 _aES-MaACL
_jA-6482
_bR.95438
999 _c41843
_d41843